[Event "3rd OHRA Open"]
[Site "Amsterdam NED"]
[Date "1984.07.24"]
[Round "7"]
[White "Borm, Franciscus"]
[Black "Sax, Gyula"]
[Result "0-1"]
[WhiteElo "2375"]
[BlackElo "2565"]
[EventDate "1984.07.17"]
[PlyCount "80"]

1.e4 c5 2.Nf3 Nc6 3.d4 cxd4 4.Nxd4 Nf6 5.Nc3 d6 6.Be2 e5 7.Nf3 h6 8.O-O 
Be7 9.Re1 O-O 10.h3 Be6 11.Bf1 Nb8 12.a4 Nbd7 13.a5 a6 14.Be3 Rc8 15.Nd5 
Nxe4 16.Bb6 Nxb6 17.Nxb6 f5 18.Nxc8 Qxc8 19.c4 Qc5 20.Qc2 Bd8 21.b4 Qxb4 
22.Reb1 Qc5 23.Rxb7 Bc8 24.Rb3 Bxa5 25.Rab1 Bd2 26.Nxd2 Qxf2+ 27.Kh1 Qxd2 
28.Rc1 Qg5 29.Rd1 Bd7 30.c5 Rc8 31.Bxa6 Rxc5 32.Qb2 Kh7 33.Ra3 Bc6 34.Kh2 
Qf4+ 35.Kg1 Ng3 36.Bf1 Be4 37.Qf2 Qxf2+ 38.Kxf2 f4 39.Bd3 Bxd3 40.Raxd3 
Nf5 0-1

[Event "3rd OHRA Open"]
[Site "Amsterdam NED"]
[Date "1984.07.24"]
[Round "7"]
[White "Ligterink, Gert"]
[Black "Gutman, Lev"]
[Result "1-0"]
[WhiteElo "2440"]
[BlackElo "2485"]
[EventDate "1984.07.17"]
[PlyCount "113"]

1.Nf3 Nf6 2.c4 g6 3.Nc3 d5 4.cxd5 Nxd5 5.Qa4+ Bd7 6.Qh4 Nxc3 7.dxc3 Nc6 8.
Qg3 f6 9.h4 e5 10.h5 g5 11.e4 Qe7 12.Be3 Nd8 13.Nh2 Ne6 14.Ng4 Nf4 15.
O-O-O O-O-O 16.f3 Qe6 17.Kb1 Qc6 18.Bd3 Be6 19.Bc2 Rxd1+ 20.Rxd1 Be7 21.h6
a5 22.Bb3 Bxb3 23.axb3 Qb5 24.Nf2 Ng6 25.Qg4+ Kb8 26.Qd7 Qxd7 27.Rxd7 Kc8 
28.Rd1 Nh4 29.Rg1 Kd7 30.Ng4 Ke6 31.Bf2 Ng6 32.Kc2 Rd8 33.g3 Bf8 34.Be3 b6
35.Rf1 Bd6 36.Rd1 Rf8 37.Kd3 Rb8 38.Ke2 b5 39.Rb1 Ra8 40.Kd3 Nf8 41.b4 a4 
42.c4 c6 43.c5 Be7 44.b3 a3 45.Ra1 f5 46.exf5+ Kxf5 47.Nf2 Ne6 48.g4+ Kf6 
49.Ke4 Nc7 50.Bc1 Rd8 51.Rxa3 Rd4+ 52.Ke3 Nd5+ 53.Ke2 Nxb4 54.Ne4+ Kg6 55.
Ra7 Bf8 56.Rc7 Kxh6 57.Nxg5 1-0

[Event "3rd OHRA Open"]
[Site "Amsterdam NED"]
[Date "1984.07.24"]
[Round "7"]
[White "Van der Sterren, Paul"]
[Black "Trepp, Markus"]
[Result "1-0"]
[WhiteElo "2455"]
[BlackElo "2340"]
[EventDate "1984.07.17"]
[PlyCount "111"]

1.d4 Nf6 2.c4 e6 3.Nf3 b6 4.g3 Bb7 5.Bg2 Bb4+ 6.Bd2 a5 7.O-O O-O 8.Bf4 Be7
9.Nc3 Ne4 10.Qc2 Nxc3 11.Qxc3 Be4 12.Rad1 Qc8 13.d5 Bf6 14.Qd2 c5 15.Ng5 
Bxg2 16.Kxg2 e5 17.Qd3 Bxg5 18.Bxg5 f6 19.Bd2 d6 20.e4 Ra7 21.f4 exf4 22.
gxf4 Re7 23.Rde1 Qe8 24.Bc3 Nd7 25.Kh1 Rff7 26.b3 Qd8 27.Rf2 Re8 28.Rfe2 
Qc7 29.h4 Kh8 30.h5 h6 31.Qg3 Rfe7 32.Re3 a4 33.bxa4 Qa7 34.e5 fxe5 35.
fxe5 Nxe5 36.Bxe5 dxe5 37.d6 Rf7 38.Rxe5 Rxe5 39.Qxe5 Qb7+ 40.Kg1 Qf3 41.
Qe8+ Kh7 42.Qe4+ Qxe4 43.Rxe4 Rd7 44.Re6 Kg8 45.a5 bxa5 46.Kf2 Kf7 47.Rg6 
Ke8 48.Ke3 Rf7 49.Ke4 Kd7 50.Ke5 Kc6 51.Ke6 Rf2 52.Ke7 Rd2 53.a4 Rd4 54.
Re6 Rd2 55.d7+ Kc7 56.Ke8 1-0

[Event "3rd OHRA Open"]
[Site "Amsterdam NED"]
[Date "1984.07.24"]
[Round "7"]
[White "Hjorth, Greg"]
[Black "Sznapik, Aleksander"]
[Result "0-1"]
[WhiteElo "2440"]
[BlackElo "2445"]
[EventDate "1984.07.17"]
[PlyCount "52"]

1.e4 g6 2.d4 Bg7 3.Nc3 d6 4.Bg5 c6 5.Bc4 Nf6 6.Qf3 Nbd7 7.Nge2 O-O 8.Rd1 
Qa5 9.Be3 b5 10.Bb3 e5 11.O-O b4 12.Nb1 exd4 13.Bxd4 Ne5 14.Qe3 Ba6 15.f4 
c5 16.Bxe5 dxe5 17.Nd2 exf4 18.Nxf4 Bxf1 19.Rxf1 Ng4 20.Qg3 Ne5 21.Bd5 
Rad8 22.h4 c4 23.h5 b3 24.hxg6 hxg6 25.Nxc4 Nxc4 26.Nxg6 Qc5+ 0-1

[Event "3rd OHRA Open"]
[Site "Amsterdam NED"]
[Date "1984.07.24"]
[Round "7"]
[White "Ree, Hans"]
[Black "Eising, Johannes"]
[Result "1-0"]
[WhiteElo "2465"]
[BlackElo "2355"]
[EventDate "1984.07.17"]
[PlyCount "67"]

1.c4 e5 2.Nc3 d6 3.g3 g6 4.Bg2 Bg7 5.Nf3 Nc6 6.O-O f5 7.d3 Nf6 8.Rb1 O-O 
9.b4 h6 10.b5 Ne7 11.c5 Be6 12.cxd6 cxd6 13.Ba3 Ned5 14.Nxd5 Nxd5 15.Rc1 
Qd7 16.Nd2 Rfc8 17.Nc4 Bf8 18.Qd2 Kh7 19.Rc2 Nb6 20.Rfc1 e4 21.Nxb6 Rxc2 
22.Rxc2 axb6 23.Bb2 d5 24.dxe4 fxe4 25.Bd4 Bg7 26.h4 Rf8 27.a4 Bf5 28.e3 
Qe6 29.Rc7 Rf7 30.Rxf7 Qxf7 31.Bxg7 Kxg7 32.Qd4+ Qf6 33.Qxd5 Qe7 34.h5 1-0

[Event "3rd OHRA Open"]
[Site "Amsterdam NED"]
[Date "1984.07.24"]
[Round "7"]
[White "Van Voorthuijsen, Pieter W"]
[Black "Langeweg, Christian"]
[Result "0-1"]
[WhiteElo "2270"]
[BlackElo "2415"]
[EventDate "1984.07.17"]
[PlyCount "76"]

1.e4 c5 2.Nc3 Nc6 3.g3 g6 4.Bg2 Bg7 5.d3 d6 6.Be3 e5 7.Qd2 h6 8.f4 Nge7 9.
Nh3 Be6 10.fxe5 Nxe5 11.Nf4 Bd7 12.h3 O-O 13.O-O Kh7 14.Rf2 b5 15.a3 a5 
16.Raf1 b4 17.axb4 axb4 18.Ncd5 Bc6 19.g4 Ng8 20.Re2 Ra2 21.b3 Bb5 22.Qe1 
Ne7 23.Nxe7 Qxe7 24.Qg3 Bc6 25.Ref2 Bf6 26.Nd5 Bh4 27.Nxe7 Bxg3 28.Rf3 
Nxf3+ 29.Rxf3 Ra1+ 30.Bf1 Bh4 31.Nxc6 Ra6 32.Ne5 dxe5 33.Bxc5 Rc8 34.d4 
Ra1 35.Kg2 exd4 36.Rxf7+ Kg8 37.Bxd4 Rxc2+ 38.Kg1 Rd1 0-1

[Event "3rd OHRA Open"]
[Site "Amsterdam NED"]
[Date "1984.07.25"]
[Round "8"]
[White "Chandler, Murray Graham"]
[Black "Wedberg, Tom"]
[Result "1-0"]
[WhiteElo "2540"]
[BlackElo "2485"]
[EventDate "1984.07.17"]
[PlyCount "97"]

1.e4 e5 2.Nf3 Nc6 3.Bb5 Nge7 4.O-O g6 5.c3 Bg7 6.d4 exd4 7.cxd4 d5 8.exd5 
Nxd5 9.Re1+ Be6 10.Bg5 Qd6 11.Nc3 O-O 12.Qd2 a6 13.Ne4 Qb4 14.Bxc6 bxc6 
15.Rac1 Rab8 16.b3 Rb6 17.Nc5 Bg4 18.Ne5 Bxe5 19.dxe5 f6 20.Qxb4 Rxb4 21.
exf6 Bc8 22.Bh6 Rd8 23.Nd3 Rb6 24.Ne5 Be6 25.Nxc6 Re8 26.Bg5 Bf7 27.Ne7+ 
Nxe7 28.fxe7 c6 29.Be3 Rb5 30.Bc5 Bd5 31.f3 a5 32.Re2 Kf7 33.Kf2 Ra8 34.g4
Rbb8 35.Kg3 Rh8 36.h4 Rhg8 37.Kf4 Ke8 38.Rc3 h6 39.Ke5 Rg7 40.Kf6 Rf7+ 41.
Kxg6 Bxf3 42.Ree3 Bxg4 43.Kxh6 Rf5 44.Kg6 Rd5 45.Rc4 Bh5+ 46.Kg7 Rf5 47.
Rcc3 Rb8 48.Rg3 Bf7 49.Rgf3 1-0

[Event "3rd OHRA Open"]
[Site "Amsterdam NED"]
[Date "1984.07.25"]
[Round "8"]
[White "Kuijf, Marinus"]
[Black "Campora, Daniel Hugo"]
[Result "0-1"]
[WhiteElo "2405"]
[BlackElo "2480"]
[EventDate "1984.07.17"]
[PlyCount "124"]

1.e4 e5 2.Nf3 Nc6 3.Bc4 Nf6 4.d3 Bc5 5.c3 O-O 6.Bg5 d6 7.O-O h6 8.Bh4 g5 
9.Bg3 Bb6 10.Nbd2 Bg4 11.Kh1 Nh5 12.h3 Bd7 13.Nh2 Nf4 14.Ng4 Kg7 15.Ne3 
Ne7 16.Nf3 f5 17.Nxf5+ Nxf5 18.exf5 Bxf5 19.d4 Nxg2 20.Kxg2 Be4 21.Be2 
exd4 22.cxd4 Qf6 23.Rc1 h5 24.Rc3 g4 25.hxg4 hxg4 26.Rg1 Ba5 27.Re3 Qh6 
28.Rh1 Qg6 29.Kf1 gxf3 30.Be5+ dxe5 31.Rg1 Qxg1+ 32.Kxg1 fxe2 33.Qxe2 Bg6 
34.Qb5 Bb6 35.Qxe5+ Rf6 36.Qe7+ Bf7 37.Rg3+ Rg6 38.Qe5+ Kg8 39.Rxg6+ Bxg6 
40.Qf6 Bf7 41.Qg5+ Kf8 42.Qh6+ Ke7 43.Qg5+ Kd7 44.Qb5+ c6 45.Qf5+ Be6 46.
Qh7+ Kc8 47.a4 a5 48.Qh8+ Bd8 49.f4 b6 50.Qg7 Rb8 51.Qf8 Rb7 52.b4 axb4 
53.Qxb4 Rf7 54.Qd6 Bd5 55.Qh6 Kb7 56.Qd6 Bc7 57.Qb4 Rxf4 58.a5 b5 59.Qe7 
Rxd4 60.a6+ Kb6 61.Qe3 c5 62.Qh6+ Bc6 0-1

[Event "3rd OHRA Open"]
[Site "Amsterdam NED"]
[Date "1984.07.25"]
[Round "8"]
[White "Ligterink, Gert"]
[Black "Bohm, Hans"]
[Result "1/2-1/2"]
[WhiteElo "2440"]
[BlackElo "2415"]
[EventDate "1984.07.17"]
[PlyCount "85"]

1.c4 f5 2.Nf3 Nf6 3.g3 d6 4.d4 e6 5.Bg2 Be7 6.O-O O-O 7.b3 c6 8.Nc3 d5 9.
Bb2 Bd7 10.Ne5 Be8 11.e3 Nbd7 12.Nd3 Bd6 13.Qc2 Qe7 14.f3 e5 15.cxd5 cxd5 
16.Nb5 e4 17.Nxd6 Qxd6 18.Ne5 exf3 19.Bxf3 Ne4 20.a4 Nxe5 21.dxe5 Qe6 22.
Rac1 Bc6 23.Bd4 a6 24.Qe2 Rf7 25.Bg2 Raf8 26.Qd1 Rc8 27.Rc2 g6 28.Bb2 h5 
29.Bxe4 dxe4 30.Rd2 Rd7 31.Rd6 Rxd6 32.exd6 Qd5 33.Qd4 Qxd4 34.Bxd4 Bd7 
35.a5 Rc6 36.Be5 Rc5 37.Bf4 Kf7 38.b4 Rc4 39.Rb1 Rc2 40.Rd1 Ke6 41.Rd4 Kf7
42.h4 Ke6 43.Kf1 1/2-1/2

[Event "3rd OHRA Open"]
[Site "Amsterdam NED"]
[Date "1984.07.25"]
[Round "8"]
[White "De Wit, Jan"]
[Black "Van der Sterren, Paul"]
[Result "1/2-1/2"]
[WhiteElo "2395"]
[BlackElo "2455"]
[EventDate "1984.07.17"]
[PlyCount "102"]

1.e4 e5 2.Nf3 Nc6 3.Bb5 a6 4.Ba4 Nf6 5.O-O Be7 6.Re1 b5 7.Bb3 d6 8.c3 O-O 
9.h3 Nb8 10.d4 Nbd7 11.Bg5 Bb7 12.Nbd2 h6 13.Bh4 Re8 14.Bc2 c5 15.dxe5 
dxe5 16.Nf1 Qc7 17.N3h2 Nf8 18.Qf3 Ng6 19.Bxf6 Bxf6 20.Ng4 Be7 21.Nfe3 h5 
22.Nh2 Nf4 23.h4 g6 24.g3 Ne6 25.Nd5 Bxd5 26.exd5 Nf8 27.g4 hxg4 28.Qxg4 
Nh7 29.Qg3 Nf6 30.Ng4 Nh5 31.Qf3 Bf8 32.Nf6+ Nxf6 33.Qxf6 Qd8 34.Qxd8 
Raxd8 35.Rad1 Kg7 36.Re3 Bd6 37.h5 gxh5 38.Kg2 Rh8 39.Rh1 Kf6 40.Rf3+ Ke7 
41.Rfh3 Bc7 42.Be4 Rdg8+ 43.Kf1 Rg4 44.Bf3 Ra4 45.Rxh5 Rxh5 46.Rxh5 Rxa2 
47.Rh7 Rxb2 48.Bh5 Ba5 49.Rxf7+ Kd6 50.Rf6+ Kxd5 51.Bf7+ Ke4 1/2-1/2

[Event "3rd OHRA Open"]
[Site "Amsterdam NED"]
[Date "1984.07.25"]
[Round "8"]
[White "Langeweg, Christian"]
[Black "Eising, Johannes"]
[Result "1/2-1/2"]
[WhiteElo "2415"]
[BlackElo "2355"]
[EventDate "1984.07.17"]
[PlyCount "37"]

1.d4 g6 2.e4 Bg7 3.Nf3 d6 4.c3 Nf6 5.Bd3 Nc6 6.O-O O-O 7.Nbd2 e5 8.dxe5 
Nxe5 9.Nxe5 dxe5 10.Qc2 Nh5 11.Re1 Nf4 12.Bf1 Kh8 13.Nc4 Qf6 14.b4 h5 15.
a4 h4 16.Ne3 Be6 17.Bb2 Rad8 18.Rad1 Qg5 19.Bc1 1/2-1/2

[Event "3rd OHRA Open"]
[Site "Amsterdam NED"]
[Date "1984.07.25"]
[Round "8"]
[White "Van der Wiel, John"]
[Black "Gutman, Lev"]
[Result "1-0"]
[WhiteElo "2535"]
[BlackElo "2485"]
[EventDate "1984.07.17"]
[PlyCount "39"]

1.e4 c5 2.Nf3 d6 3.d4 cxd4 4.Nxd4 Nf6 5.Nc3 a6 6.Bg5 e6 7.f4 Nbd7 8.Qf3 
Qc7 9.O-O-O b5 10.e5 Bb7 11.Qh3 dxe5 12.Nxe6 fxe6 13.Qxe6+ Be7 14.Nxb5 
axb5 15.Bxb5 Be4 16.c3 O-O-O 17.Qxe7 Qb6 18.Qb4 Qe3+ 19.Rd2 h6 20.Ba6+ 1-0

[Event "3rd OHRA Open"]
[Site "Amsterdam NED"]
[Date "1984.07.25"]
[Round "8"]
[White "Van Voorthuijsen, Pieter W"]
[Black "Hjorth, Greg"]
[Result "0-1"]
[WhiteElo "2270"]
[BlackElo "2440"]
[EventDate "1984.07.17"]
[PlyCount "72"]

1.e4 e6 2.d4 d5 3.e5 c5 4.c3 Nc6 5.Nf3 Nge7 6.Na3 Nf5 7.Nc2 cxd4 8.cxd4 
Be7 9.Bd3 Qb6 10.O-O Bd7 11.Kh1 Rc8 12.Rb1 h6 13.b4 Na5 14.Bxf5 exf5 15.
Ne3 Nc6 16.Nxd5 Qb5 17.Ne3 f4 18.a4 Qb6 19.Nc4 Qd8 20.Nd6+ Bxd6 21.exd6 
Bf5 22.Re1+ Kf8 23.b5 Na5 24.Ba3 Kg8 25.Rc1 Nc4 26.Rxc4 Rxc4 27.Qb3 Qc8 
28.Ne5 Rxd4 29.Nxf7 Be6 30.Qb2 Qc4 31.Nxh8 Kxh8 32.Qc1 Qd5 33.Bb2 Bh3 34.
f3 Rd2 35.Qc3 Rxg2 36.Qd4 Qxf3 0-1

[Event "3rd OHRA Open"]
[Site "Amsterdam NED"]
[Date "1984.07.27"]
[Round "9"]
[White "Portisch, Lajos"]
[Black "Campora, Daniel Hugo"]
[Result "1/2-1/2"]
[WhiteElo "2640"]
[BlackElo "2480"]
[EventDate "1984.07.17"]
[PlyCount "29"]

1.d4 d5 2.Nf3 Nf6 3.c4 e6 4.Bg5 Be7 5.Nc3 h6 6.Bxf6 Bxf6 7.e3 O-O 8.Rc1 
Nc6 9.Bd3 dxc4 10.Bxc4 e5 11.d5 Ne7 12.Ne4 Nf5 13.Be2 Be7 14.O-O Nd6 15.
Ng3 1/2-1/2

[Event "3rd OHRA Open"]
[Site "Amsterdam NED"]
[Date "1984.07.27"]
[Round "9"]
[White "Wedberg, Tom"]
[Black "Ligterink, Gert"]
[Result "1-0"]
[WhiteElo "2485"]
[BlackElo "2440"]
[EventDate "1984.07.17"]
[PlyCount "71"]

1.c4 c5 2.g3 g6 3.Bg2 Bg7 4.Nc3 Nc6 5.a3 e6 6.e4 Nge7 7.Nge2 O-O 8.O-O b6 
9.d3 Bb7 10.Bg5 h6 11.Be3 Nd4 12.Rb1 d6 13.b4 Qd7 14.a4 Nxe2+ 15.Nxe2 cxb4
16.Rxb4 d5 17.cxd5 exd5 18.Nf4 Rfd8 19.Qb3 Qd6 20.a5 dxe4 21.axb6 a5 22.
Rc4 a4 23.Qa2 Nd5 24.Nxd5 Bxd5 25.Bxe4 Bxe4 26.dxe4 a3 27.b7 Rab8 28.Rb1 
Qe7 29.Bc5 Qd7 30.Rcb4 Bb2 31.R1xb2 axb2 32.Qxb2 Qd3 33.Qf6 Rd7 34.h4 
Rbxb7 35.Rxb7 Rxb7 36.Bd4 1-0

[Event "3rd OHRA Open"]
[Site "Amsterdam NED"]
[Date "1984.07.27"]
[Round "9"]
[White "Bohm, Hans"]
[Black "Timman, Jan"]
[Result "0-1"]
[WhiteElo "2415"]
[BlackElo "2650"]
[EventDate "1984.07.17"]
[PlyCount "90"]

1.d4 Nf6 2.c4 e6 3.Nc3 Bb4 4.g3 c5 5.Nf3 cxd4 6.Nxd4 O-O 7.Bg2 d5 8.cxd5 
Nxd5 9.Bd2 Bxc3 10.Bxc3 Nxc3 11.bxc3 e5 12.Nb5 Qa5 13.Qb3 Nc6 14.O-O Be6 
15.Qb2 Rfd8 16.Rfd1 Qb6 17.Rdb1 a6 18.c4 axb5 19.cxb5 Na5 20.Qxe5 Rd2 21.
a4 Rad8 22.h4 f6 23.Qh5 Bf7 24.Qg4 Nb3 25.Ra3 R2d4 26.e4 Rd2 27.Qf4 Nd4 
28.Bf1 Qa5 29.Rc1 Ne2+ 30.Bxe2 Rxe2 31.Rac3 Be6 32.Qf3 Red2 33.e5 fxe5 34.
Qe3 Qxa4 35.Qxe5 Qg4 36.Re1 Rd1 37.Re3 Bf7 38.Rxd1 Qxd1+ 39.Re1 Qf3 40.Qg5
Rd1 41.Rxd1 Qxd1+ 42.Kh2 Qd5 43.Qc1 h6 44.b6 Qf3 45.Qc8+ Kh7 0-1

[Event "3rd OHRA Open"]
[Site "Amsterdam NED"]
[Date "1984.07.27"]
[Round "9"]
[White "Sznapik, Aleksander"]
[Black "Van der Wiel, John"]
[Result "1-0"]
[WhiteElo "2445"]
[BlackElo "2535"]
[EventDate "1984.07.17"]
[PlyCount "67"]

1.e4 d6 2.d4 Nf6 3.Nc3 g6 4.f4 Bg7 5.Nf3 O-O 6.Bd3 Na6 7.O-O c5 8.d5 Rb8 
9.Qe1 Nb4 10.Qh4 b5 11.f5 c4 12.a3 Nxd3 13.cxd3 cxd3 14.Bh6 b4 15.axb4 
Rxb4 16.fxg6 fxg6 17.Ng5 Bxh6 18.Qxh6 Rb7 19.Rad1 Qb6+ 20.Kh1 Qxb2 21.Rxd3
Rc7 22.Rdf3 Bg4 23.Nd1 Qc1 24.Rf4 e5 25.dxe6 Bxd1 26.h3 Qa1 27.e5 Qxe5 28.
Ne4 Qh5 29.Nxf6+ Rxf6 30.Qxh5 Bxh5 31.Rxf6 g5 32.Rf8+ Kg7 33.Rd8 Re7 34.
Rd7 1-0

[Event "3rd OHRA Open"]
[Site "Amsterdam NED"]
[Date "1984.07.27"]
[Round "9"]
[White "Borm, Franciscus"]
[Black "Ree, Hans"]
[Result "1-0"]
[WhiteElo "2375"]
[BlackElo "2465"]
[EventDate "1984.07.17"]
[PlyCount "81"]

1.e4 c5 2.Nf3 e6 3.d4 cxd4 4.Nxd4 Nf6 5.Nc3 d6 6.Be2 a6 7.f4 Be7 8.O-O O-O
9.Be3 Qc7 10.Kh1 Nbd7 11.a4 b6 12.Bf3 Bb7 13.f5 e5 14.Nde2 Rfe8 15.Ng3 
Rac8 16.Rf2 Qc4 17.Rd2 Qb4 18.Qb1 h5 19.Bg5 d5 20.exd5 e4 21.Bxf6 exf3 22.
Bxe7 Rxe7 23.gxf3 Nf6 24.Nce4 Nxd5 25.c3 Qc4 26.Qg1 Nf4 27.f6 Re6 28.Rd4 
Qc7 29.Nf5 g6 30.Qg5 Bxe4 31.fxe4 Qe5 32.Rad1 Rf8 33.Qh6 Qxf6 34.Qxf4 gxf5
35.exf5 Rc6 36.Rg1+ Kh7 37.Qf3 Kh6 38.Qf4+ Kh7 39.Qf3 Kh6 40.h4 Kh7 41.Rg5
1-0

[Event "3rd OHRA Open"]
[Site "Amsterdam NED"]
[Date "1984.07.27"]
[Round "9"]
[White "Van der Sterren, Paul"]
[Black "Kuijf, Marinus"]
[Result "1/2-1/2"]
[WhiteElo "2455"]
[BlackElo "2405"]
[EventDate "1984.07.17"]
[PlyCount "84"]

1.e4 c5 2.Nf3 d6 3.d4 cxd4 4.Nxd4 Nf6 5.Nc3 Nc6 6.Bg5 e6 7.Qd2 Be7 8.O-O-O
O-O 9.Nb3 Qb6 10.f3 Rd8 11.Be3 Qc7 12.Qf2 Nd7 13.Nb5 Qb8 14.f4 a6 15.N5d4 
Nxd4 16.Bxd4 b5 17.Bd3 Qc7 18.e5 dxe5 19.fxe5 Bb7 20.Rhe1 Rac8 21.h4 Bd5 
22.Kb1 Bxb3 23.axb3 Bc5 24.Bxc5 Nxc5 25.Qe2 h6 26.g3 Kf8 27.b4 Nxd3 28.
Rxd3 Rxd3 29.Qxd3 Kg8 30.Re4 h5 31.Qe2 Qb6 32.g4 Qg1+ 33.Ka2 Qc1 34.c3 Rd8
35.Rd4 Rxd4 36.cxd4 hxg4 37.Qxg4 Qc4+ 38.Kb1 Qxb4 39.Qe4 a5 40.Qa8+ Kh7 
41.Qe4+ g6 42.h5 Qb3 1/2-1/2

[Event "3rd OHRA Open"]
[Site "Amsterdam NED"]
[Date "1984.07.27"]
[Round "9"]
[White "Trepp, Markus"]
[Black "Van Voorthuijsen, Pieter W"]
[Result "1-0"]
[WhiteElo "2340"]
[BlackElo "2270"]
[EventDate "1984.07.17"]
[PlyCount "91"]

1.e4 d6 2.d4 Nf6 3.Nc3 g6 4.g3 Bg7 5.Bg2 O-O 6.Nge2 e5 7.h3 c6 8.Be3 b5 9.
dxe5 dxe5 10.Bc5 Qxd1+ 11.Rxd1 Re8 12.Nc1 Nfd7 13.Be3 Bf8 14.O-O Na6 15.
Nb3 Nac5 16.Na5 b4 17.Nb1 Ba6 18.Rfe1 Rac8 19.a3 Nb6 20.axb4 Nca4 21.b3 
Nb2 22.Rd2 Bxb4 23.c3 Nd3 24.Rxd3 Bxd3 25.cxb4 Red8 26.Na3 Rc7 27.Rc1 Be2 
28.N3c4 Nxc4 29.bxc4 Rd1+ 30.Rxd1 Bxd1 31.Bc5 f6 32.Bd6 Rc8 33.c5 Be2 34.
f4 exf4 35.gxf4 Bb5 36.Kf2 Kf7 37.Bf3 Ke6 38.Bd1 Bd3 39.Ke3 Bb1 40.Nb3 Kd7
41.Nd4 f5 42.e5 Ba2 43.Be2 a6 44.Bxa6 Ra8 45.b5 Bd5 46.b6 1-0

[Event "3rd OHRA Open"]
[Site "Amsterdam NED"]
[Date "1984.07.27"]
[Round "9"]
[White "Eising, Johannes"]
[Black "De Wit, Jan"]
[Result "1/2-1/2"]
[WhiteElo "2355"]
[BlackElo "2395"]
[EventDate "1984.07.17"]
[PlyCount "54"]

1.c4 Nf6 2.Nf3 c5 3.g3 Nc6 4.Bg2 d5 5.O-O dxc4 6.Qa4 Bd7 7.Qxc4 e6 8.Nc3 
Rc8 9.d4 b5 10.Qd3 c4 11.Qd1 b4 12.Na4 Be7 13.Bg5 O-O 14.e3 Na5 15.Re1 Qe8
16.Nc5 Bxc5 17.Bxf6 Ba4 18.b3 cxb3 19.axb3 Nxb3 20.Rxa4 Qxa4 21.Ne5 Qa1 
22.Qe2 Qc3 23.Rd1 gxf6 24.Qg4+ Kh8 25.Qh4 fxe5 26.Qf6+ Kg8 27.Qg5+ Kh8 
1/2-1/2